| 000 | 00749nam a2200217 a 4500 | ||
|---|---|---|---|
| 005 | 20240924071157.0 | ||
| 008 | 991125s1979 mx 000 0 spa u | ||
| 020 | _a9684161417 | ||
| 035 | _aUPN01000020423 | ||
| 049 | _aSEP | ||
| 050 | 4 |
_aPZ84.1 _bD6.3 |
|
| 245 | 0 | 3 |
_aLa epopeya de Guilgamesh y otros textos / _c[selec. de textos, adaptaciones, notas, asesoría Francisco Serrano]. |
| 260 |
_aMéxico : _bFernández : _bSEP, _c1979. |
||
| 300 |
_a46 p. : _bil. col. |
||
| 440 | 3 |
_aEl mundo antiguo ; _v1 |
|
| 500 | _aA la cabeza de la portada: Los clásicos de la literatura | ||
| 500 | _a"Versiones para niños de 9 a 12 años" | ||
| 650 | 4 |
_aLiteratura infantil _94445 |
|
| 700 | 1 |
_aSerrano, Francisco, _d1949- _ecomp. _939021 |
|
| 905 | _aLibro | ||
| 999 |
_c20423 _d20423 |
||